| 000 | 01196nam a22003377a 4500 | ||
|---|---|---|---|
| 001 | BR8601605 | ||
| 003 | BR-BrBNA | ||
| 005 | 20230928092249.0 | ||
| 007 | ta | ||
| 008 | 230509b bl.||||| |||| 00| 0 por d | ||
| 040 |
_aBR-BrBNA _bpor _cBiblioteca Nacional de Agricultura |
||
| 041 | _a(Por) | ||
| 072 |
_aP36; P33; F04 _b3850 _b/G514 |
||
| 090 | _ 3850 BR8601605 | ||
| 100 | 1 | _aWildner, L. do P. | |
| 110 | 1 |
_aUniversidade Federal de Santa Maria, RS (Brasil) _0Dissertacao (Mestre em Agronomia) _99701 |
|
| 245 | 1 | _aEfeito da adicao de diferentes residuos organicos nas perdas de solo e agua em um solo podzolico vermelho amarelo | |
| 246 | 1 | _aEffect of the application of different organic residues on soil and water losses in a red yellow podzolic | |
| 260 | 3 |
_aSanta Maria, RS (Brasil): _c1985. |
|
| 300 | _a100 p. | ||
| 500 | _a15 tables; 13 graphs; Bibliography p. 72-82 (96 ref.); Summaries (Eng, Por) | ||
| 650 | _aSOLO | ||
| 650 | _aRESIDUO ORGANICO | ||
| 650 | _aINFILTRACAO | ||
| 650 | _aEROSAO DO SOLO | ||
| 650 | _aEROSAO HIDRICA | ||
| 650 | _aRIO GRANDE DO SUL | ||
| 650 | _aPODZOLICO VERMELHO AMARELO | ||
| 909 |
_a202309 _bLucia _c55 _dLucia Elande |
||
| 942 | _cBK | ||
| 999 |
_c37987 _d37987 |
||